00343pam a2200145 a 4500020000500000041000500005082001300010100002600023245005500049250000800104260003100112300000800143653002000151700002600171 c h a641.5941 aDEBI STARON, eAuthor aCHRISTMAS STYLEcDEBI STARON, hTextual Documents  a1st alondonbDORLING KINDERSLEY a189 afood production aBOB PRANGAeCo-Author